000 00464nam a2200169Ia 4500
003 IN-BaIIA
008 211028s9999 xx 000 0 eng d
020 _a0-7167-1350-0
040 _cIIA Library
080 _a524.85
_bATK
100 _aAtkins, P. W.
_912377
245 4 _aThe creation
_cAtkins P. W.
260 _aOxford
_bW. H. Freeman
_c1981
300 _aviii, 132p.
650 _aCosmogony
_91160
942 _cBK
999 _c7228
_d7228